000 00815nam a2200265 4500
001 000756
003 DO-SdBNP
005 20160331084002.0
007 000756
008 1603311990 ck ||||| |||| 00| 0 spa d
020 _a9580412162
040 _aBPMSU
_bspa
_cBPMSU
082 _2
100 _4Inkiow, Dimiter.
245 _aYo y mi hermana Clara /
_cDimiter Inkiow ; traducción de Federico Schopf ; ilustraciones de Traudl y Walter Reiner.
260 _aBogotá :
_bGrupo Editorial Norma
_c1990
300 _a103 p. :
_bil.
_c 19 cm.
490 _aTorre de papel.
_aTorre roja
700 _a Schopf,Federico
_etr.
700 _aReiner, Traudl,
_eil.
700 _aPizano, Catalina,
_eed.
830 _aTorre de papel.
_p Torre roja
942 _2ddc
_cBK
956 _2VMATEO
_310
_620160331
_8BPMSU
_a0069
999 _c9464
_d9464